Sports Quiz

Random Sports or Basketball Quiz

NBA 20K Points & 1st Team All-NBA Quiz Stats

 Plays Quiz Updated Oct 19, 2019

Score 0/29 Timer 03:00
28 Plays Today
% Correct
LeBron James
96.6%
Kobe Bryant
96.4%
Kareem Abdul-Jabbar
96.3%
Michael Jordan
96.1%
Dirk Nowitzki
95.4%
Larry Bird
94.8%
Hakeem Olajuwon
94.8%
Karl Malone
94%
Allen Iverson
93.1%
Shaquille O'Neal
91.7%
Tim Duncan
89.8%
Kevin Garnett
89.5%
Wilt Chamberlain
89.3%
Charles Barkley
88.9%
Kevin Durant
88.8%
% Correct
Jerry West
88.4%
Dwyane Wade
88.4%
David Robinson
87.5%
Oscar Robertson
86.1%
Patrick Ewing
81.2%
Moses Malone
80.7%
Elgin Baylor
78.4%
Dominique Wilkins
77.1%
Clyde Drexler
72.7%
John Havlicek
72.4%
George Gervin
62%
Bob Pettit
59.8%
Elvin Hayes
56%
Gary Payton
53.8%

You're not logged in!

Compare scores with friends on all Sporcle quizzes.
OR
Log In

Sporcle TV

Today on Sporcle TV


Watch our educational content, quiz creation guides, and fun videos on Sporcle TV.

Show Comments

Extras

Top Quizzes Today


Score Distribution

Your Account Isn't Verified!

In order to create a playlist on Sporcle, you need to verify the email address you used during registration. Go to your Sporcle Settings to finish the process.

Report this User

Report this user for behavior that violates our Community Guidelines.

Details: